00739nam a22002292 4500001001100000005001700011008004100028020001700069040001500086100003100101245009000132250001300222260004100235300001700276650003800293650003500331650003600366650003800402700003600440700003000476852000300506000002027820151217154439.0110908s xx 000 0 eng d a1416031222 : aKABUcKABU1 aAbbas, Abul K.@000018031110aCellullar and molecular immunology /cAbul K. Abbas, Andrew H. Litchman, Shiv Pillai. a6th ed. aPhiladelphia, PA :bSaunders,c2007. avii, 566 p. 0aMolecular immunology.@0000180403 0aCellular immunity.@0000155736 0aImmunity, Cellular.@0000180404 0aAntigensxImmunology.@00001804051 aLitchman, Andrew H.@00001804061 aPillai, Shiv.@00001804071